Pour une sociologie du roman
Salvato in:
| Autore principale: | |
|---|---|
| Natura: | Sconosciuto |
| Lingua: | French |
| Pubblicazione: |
Francia
Gallimard
c1964
|
| Serie: | Idées nrf
93 |
| Soggetti: | |
| Tags: |
Aggiungi Tag
Nessun Tag, puoi essere il primo ad aggiungerne!!
|
MARC
| LEADER | 000000000a22000000004500 | ||
|---|---|---|---|
| 001 | 000191 | ||
| 008 | 140512s1964 fr a|||| |||| 000 0 fre d | ||
| 041 | 0 | |a francés | |
| 082 | |a 809.3 G619p | ||
| 100 | 1 | |a Goldmann, Lucien |d 1913- | |
| 245 | 1 | 0 | |a Pour une sociologie du roman |c Lucien Goldmann |
| 260 | |a Francia |b Gallimard |c c1964 | ||
| 300 | |a 372 páginas | ||
| 490 | 0 | |a Idées nrf |v 93 | |
| 500 | |a número de inscripción 04986 | ||
| 650 | 4 | |a LITERATURA Y SOCIEDAD | |
| 650 | 4 | |a NOVELA |x HISTORIA Y CRITICA |y SIGLO XX | |
| 942 | |2 ddc |c BK | ||
| 999 | |c 1024 |d 1024 | ||
